000 00999cam a2200265 a 4500
001 3103661
003 OSt
005 20170920122928.0
008 990512s2000 mauab b 001 0 eng
010 _a 99029457
020 _a0072298529 (softcover : acidfree paper)
040 _aDLC
_cDLC
_dDLC
050 0 0 _aGN25
_b.K67 2000
082 0 0 _a301
_221
100 1 _aKottak, Conrad Phillip.
245 1 0 _aAnthropology :
_bthe exploration of human diversity /
_cConrad Phillip Kottak.
250 _a8th ed.
260 _aBoston :
_bMcGraw-Hill,
_cc2000.
300 _axxxi, 694 p. :
_bill. (some col.), col. maps ;
_c26 cm.
504 _aIncludes bibliographical references (p. 613-647) and indexes.
650 0 _aAnthropology.
906 _a7
_bcbc
_corignew
_d1
_eocip
_f19
_gy-gencatlg
942 _2lcc
_cBK
999 _c51511
_d51511